Popeye & Son (Registo nº 3586)
[ vista simples ]
| 000 -Etiqueta do registo | |
|---|---|
| Cabeçalho | 00752ngm0a2200265 4500 |
| 005 - Identificador da versão | |
| Campo de controlo | 20240902111342.0 |
| 021 ## - Número do Depósito Legal | |
| Código do país | PT |
| 071 0# - Número do editor (registos sonoros e música) | |
| Número do editor | 148/04 |
| 100 ## - Dados gerais de processamento | |
| Dados gerais de processamento | 20050630d2004 bc y0pory5003 ba |
| 101 0# - Língua de publicação | |
| Língua do texto, banda sonora, etc. | Português |
| Língua do documento no original | Inglês |
| Língua das legendas | Português |
| 102 ## - Pais de publicação ou produção | |
| País de publicação | Portugal |
| 115 ## - Campo de dados codificados: Projecções Visuais, Filmes e Vídeos | |
| Dados modificados - geral | a063bbz zzzz zzxxc |
| 200 1# - Titulo e menção de responsabilidade | |
| Título próprio | Popeye & Son |
| Indicação geral da natureza do documento | Registo vídeo |
| Informação de outro título | o ataque das bruxas do mar |
| 210 ## - Publicação, Distribuição, etc. | |
| Lugar da edição, distribuição, etc. | PT |
| Nome do editor, distribuidor, etc. | Prisvideo |
| Data da publicação, distribuição, etc. | 2004 |
| 215 ## - Descrição física | |
| Indicação específica da natureza do documento e extensão da espécie | 1 DVD (PAL 2) (35 min.) |
| Outras indicações físicas | col., son. |
| 225 2# - Colecção | |
| Título próprio da colecção | Popeye & Son |
| 305 ## - Notas relativas à edição e história bibliográfica da publicação | |
| Texto da nota | Data de lançamento: 2004 |
| 306 ## - Notas relativas a publicação, distribuição, etc. | |
| Texto da nota | Distribuidor cinema: Prisvideo |
| 327 1# - Nota de conteúdo | |
| Texto da nota | Conteúdo: Falado em português ; 3 episódios. |
| 333 ## - Nota relativa aos potenciais utilizadores | |
| Texto da nota | Classificação: M6 |
| 606 ## - Nome comum usado como assunto | |
| Número de registo de entrada de autoridade | 0002834 |
| Palavra de ordem | Filme |
| Subdivisão de assunto | Animação infantil |
| 610 1# - Termos de indexação não controlados | |
| Subject Term | DVD cinema |
| 942 ## - Elementos de entrada adicionados (Koha) | |
| Tipo de item no Koha | Livro |
| Situação do levantamento | Origin of item (home branch) (coded) | Biblioteca de empréstimo | Código de barras | Cota | Circulation type (not for loan) | Tipo de documento | Nota do exemplar | Damaged status |
|---|---|---|---|---|---|---|---|---|
| Biblioteca Escolar da Coca Maravilhas | Biblioteca Escolar da Coca Maravilhas | BECM29d/04 | F POP | DVD | Sem mensagem |
